| 000 -CABECERA |
| Longitud fija campo de control |
00560nam a2200181 a 4500 |
| 001 - NÚMERO DE CONTROL |
| Número de control |
61 |
| 003 - IDENTIFICADOR DEL NÚMERO DE CONTROL |
| Identificador del número de control |
CDMR |
| 005 - FECHA Y HORA DE LA ÚLTIMA TRANSACCIÓN |
| Fecha y hora de la última transacción |
20130715111511.0 |
| 008 - CÓDIGOS DE INFORMACIÓN DE LONGITUD FIJA |
| Códigos de información de longitud fija |
130130s2007||||||||||||||||||||||||||||d |
| 020 ## - NÚMERO INTERNACIONAL NORMALIZADO PARA LIBROS |
| Número Internacional Normalizado para Libros (ISBN) |
9788498012552 |
| 040 ## - FUENTE DE LA CATALOGACIÓN |
| Centro catalogador de origen |
CDMR |
| Lengua de catalogación |
cat |
| Centro transcriptor |
CPC GIRONA |
| 100 1# - PUNTO DE ACCESO PRINCIPAL-NOMBRE DE PERSONA |
| Nombre de persona |
Sánchez, Gervasio |
| 9 (RLIN) |
65 |
| 245 10 - MENCIÓN DE TÍTULO |
| Título |
Vides minades, deu anys |
| Resto del título |
: mined lives, ten years |
| Mención de responsabilidad, etc. |
Gervasio Sánchez |
| 260 ## - PUBLICACIÓN, DISTRIBUCIÓN, ETC. (PIE DE IMPRENTA) |
| Fecha de publicación, distribución, etc. |
2007 |
| Nombre del editor, distribuidor, etc. |
Blume |
| Lugar de publicación, distribución, etc. |
Barcelona |
| 300 ## - DESCRIPCIÓN FÍSICA |
| Extensión |
2 v. |
| 505 ## - NOTA DE CONTENIDO CON FORMATO |
| Nota de contenido con formato |
Conté: 1.- Vidas minadas, diez años = Mined lives, ten years ; 2.- 365 vidas minadas= 365 mined lives |
| 942 ## - ENTRADA DE ELEMENTOS AGREGADOS (KOHA) |
| Koha [por defecto] tipo de item |
Monografies |
| Fuente de clasificaión o esquema |
|